| 000 | 00496nam a2200205Ia 4500 | ||
|---|---|---|---|
| 003 | OSt | ||
| 005 | 20140319134021.0 | ||
| 008 | 140130s9999 xx 000 0 und d | ||
| 020 | _a0590631179 | ||
| 050 |
_aPZ 7 _b.B7633Oo 1998 |
||
| 100 | _aBridwell, Norman | ||
| 245 |
_aOops, Clifford / _cNorman Bridwell. |
||
| 260 |
_bScholastic, _c1998. _aNew York : |
||
| 300 |
_a30 p. : _bcol. ill. ; _c20 cm. |
||
| 440 | _v1 | ||
| 521 | _aG2 | ||
| 526 | _c430 | ||
| 942 |
_cBK _2lcc |
||
| 999 |
_c40331 _d40331 |
||